000 00505cam a2200169 4500500
005 20260405002942.0
041 _afre
042 _adc
100 1 0 _aBarton, Adrien
_eauthor
245 0 0 _aAppuyez sur le bouton
260 _c2019.
500 _a47
690 _aAdam Elga
690 _aAdrien Barton
786 0 _nPhilosophie magazine | 132 | 9 | 2019-09-01 | p. 69-69 | 1951-1787
856 4 1 _uhttps://shs.cairn.info/magazine-philosophie-magazine-2019-9-page-69?lang=fr&redirect-ssocas=7080
999 _c2062872
_d2062872